Comisión Nacional de Valores (Record no. 4129)
[ view plain ]
| 000 -CABECERA | |
|---|---|
| campo de control de longitud fija | 00861nam a2200253 a 4500 |
| 001 - NÚMERO DE CONTROL | |
| campo de control | BRCA_4420 |
| 005 - FECHA Y HORA DE LA ÚLTIMA TRANSACCIÓN | |
| campo de control | 20190320204650.0 |
| 008 - DATOS DE LONGITUD FIJA--INFORMACIÓN GENERAL | |
| campo de control de longitud fija | 190810s1952----mx-a###f##---#001-0#spa-# |
| 041 ## - CÓDIGO DE LENGUA | |
| Código de lengua del texto/banda sonora o título independiente | spa |
| 044 ## - CÓDIGO DEL PAÍS DE LA ENTIDAD EDITORA/PRODUCTORA | |
| Código MARC del país | mx |
| 050 #4 - SIGNATURA TOPOGRÁFICA DE LA BIBLIOTECA DEL CONGRESO | |
| Número de clasificación | HG5161 |
| Número de documento/Ítem | .C66 4 |
| -- | 1952 |
| 245 10 - MENCIÓN DE TÍTULO | |
| Título | Comisión Nacional de Valores |
| Resto del título | memoria anual 1952. |
| 260 ## - PUBLICACIÓN, DISTRIBUCIÓN, ETC. | |
| Lugar de publicación, distribución, etc. | México |
| Nombre del editor, distribuidor, etc. | Comisión Nacional de Valores |
| Fecha de publicación, distribución, etc. | 1953 |
| 300 ## - DESCRIPCIÓN FÍSICA | |
| Extensión | 2 v. |
| Otras características físicas | il., tablas, gráficas |
| Dimensiones | 20 cm. |
| 500 ## - NOTA GENERAL | |
| Nota general | Incluye nota preliminar |
| 500 ## - NOTA GENERAL | |
| Nota general | Ver también AM50, CFG34, CFG36, S105 y S124 |
| 500 ## - NOTA GENERAL | |
| Nota general | S103 |
| 505 0# - NOTA DE CONTENIDO CON FORMATO | |
| Nota de contenido con formato | v.1 Memoria anual: 1952.-- v.2 A un año de distancia: análisis de mercado y actividad financiera. |
| 650 14 - PUNTO DE ACCESO ADICIONAL DE MATERIA--TÉRMINO DE MATERIA | |
| Término de materia o nombre geográfico como elemento de entrada | Mercado de valores |
| Subdivisión de forma | Análisis |
| Subdivisión geográfica | México |
| 9 (RLIN) | 11226 |
| 650 14 - PUNTO DE ACCESO ADICIONAL DE MATERIA--TÉRMINO DE MATERIA | |
| Término de materia o nombre geográfico como elemento de entrada | Finanzas |
| Subdivisión de forma | Balances |
| Subdivisión geográfica | México |
| 9 (RLIN) | 11227 |
| 710 2# - PUNTO DE ACCESO ADICIONAL--NOMBRE DE ENTIDAD CORPORATIVA | |
| Nombre de entidad corporativa o nombre de jurisdicción como elemento de entrada | Comisión Nacional de Valores |
| 9 (RLIN) | 10924 |
| 902 ## - CATALOGADOR | |
| Iniciales | GFM |
| 942 ## - ELEMENTOS DE PUNTO DE ACCESO ADICIONAL (KOHA) | |
| Fuente del sistema de clasificación o colocación | Library of Congress Classification |
| Tipo de ítem Koha | Libros |
| Estado de retiro | Estado de pérdida | Estado dañado | No para préstamo | Localización permanente | Ubicación/localización actual | Fecha de adquisición | Número de inventario | Total de préstamos | Signatura topográfica completa | Código de barras | Fecha visto por última vez | Precio válido a partir de | Tipo de ítem Koha |
|---|---|---|---|---|---|---|---|---|---|---|---|---|---|
| El ejemplar forma parte de la colección y puede ser consultado según las políticas vigentes. | Biblioteca del Museo Franz Mayer (Rogerio Casas-Alatriste) | Biblioteca del Museo Franz Mayer (Rogerio Casas-Alatriste) | 19/08/2010 | S103 | HG5161 .C66 4 1952 (S103) | 4417 | 22/03/2019 | 22/03/2019 | Libros |